Návrh výroby a montáže parného prehrievača

Saved in:
Bibliographic Details
Main Author: Buchan, Matúš (Author)
Other Authors: Václav, Štefan (Thesis advisor)
Format: Manuscript Book
Language:Slovak
Published: 2016
Subjects:
Online Access:http://is.stuba.sk/zp/portal_zp.pl?podrobnosti=118408
Tags: Add Tag
No Tags, Be the first to tag this record!

MARC

LEADER 00000ntm a22000003a 4500
001 stuzp56251
003 SK-STU
005 20160719154938.4
007 ta
008 150427s2015----xo-----f-mn---000-0-slo-d
040 |a STU  |b slo 
041 0 |a slo 
100 1 |a Buchan, Matúš  |u 063000  |k Z4  |4 aut  |U MTF Materiálovotechnologická fakulta  |T MTF Ústav výrobných technológií  |X 45835  |U M3000  |Y 83  |7 A000045835 
242 0 1 |a Production and installation of the steam superheater  |y eng 
245 1 0 |a Návrh výroby a montáže parného prehrievača 
260 |c 2016 
650 4 |a parný prehrievač  |2 slo 
650 4 |a strihadlo  |2 slo 
650 4 |a montáž  |2 slo 
650 4 |a prípravky  |2 slo 
650 4 |a assembly  |2 eng 
650 4 |a steam superheater  |2 eng 
650 4 |a cutting tool  |2 eng 
650 4 |a jigs  |2 eng 
700 1 |a Václav, Štefan  |u 063800  |k Z1  |4 ths  |U MTF Ústav výrobných technológií  |T MTF Katedra výrobných systémov, metrológie a montáže  |X 2778  |U M3800  |Y 660  |7 A000002778 
856 4 |u http://is.stuba.sk/zp/portal_zp.pl?podrobnosti=118408 
996 |c M* DP-12828  |l MMSKP  |s P  |a 0  |w stuzp56251_0001 
SQL |a stuzp56251  |b DDP  |c SLO  |d Návrh výroby a montáže parného prehrievača  |e 45835  |f Buchan, Matúš  |g 063000  |h 2778  |i Václav, Štefan  |j 20160608  |k 187  |l 06  |m http://is.stuba.sk/zp/portal_zp.pl?podrobnosti=118408  |n I-PPN  |o 5.2.51. výrobné technológie